|
|
|
|
| LEADER |
00000ny a22000003n 4500 |
| 005 |
20110513102451.0 |
| 008 |
931106c1982 nyudr ne 0 a0eng c |
| 010 |
|
|
|a sn 82008105
|
| 022 |
1 |
|
|a 0745-2691
|
| 035 |
|
|
|a 4291
|
| 040 |
|
|
|a NR
|c NR
|d vLex
|
| 090 |
|
|
|c 1833
|d 1833
|
| 245 |
3 |
4 |
|a The Buffalo news
|h [Recurso electrn̤ico]
|
| 246 |
3 |
3 |
|a Buffalo news (Buffalo, N.Y. : Daily)
|
| 256 |
|
|
|a Servicio en ln̕ea
|
| 260 |
|
|
|a Buffalo, N.Y. :
|b Buffalo Evening News
|
| 310 |
|
|
|a Mensual
|
| 506 |
1 |
|
|a Contenido solo disponible en los productos indicados
|d vLex Global
|d vLex Global (Academic Edition, excluding Law Schools)
|d vLex Global (U.S. Academic Edition, excluding Law Schools)
|
| 651 |
|
4 |
|a Buffalo
|z New York
|x prensa
|
| 740 |
0 |
|
|a vLex Revista (Servicios en ln̕ea)
|
| 843 |
|
|
|a Electrn̤ica. Abierta
|
| 853 |
|
|
|8 1
|i (year)
|j (month)
|k (day)
|
| 856 |
4 |
0 |
|z Acceso restringido
|u http://vlex.com/account/login_ip?fuente_id=4291
|
| 942 |
|
|
|c REV
|
| 999 |
|
0 |
|a Buffalo (N.Y.)
|v Newspapers.
|
| 999 |
|
0 |
|a Erie County (N.Y.)
|v Newspapers.
|